000 01022nac a22002897a 4500
001 BR8401435
003 BR-BrBNA
005 20240105115947.0
008 230509b bl.|||m| |||| 00| 0 por d
040 _aBR-BrBNA
_bpor
_cBiblioteca Nacional de Agricultura
072 _aE50; E15
090 _aE50 BR8401435
100 1 _aAndrade, A.A. de
100 1 _aMonte-Mor, R.L. de M.
110 1 _aPrograma Nacional de Pesquisa Economica, Rio de Janeiro, RJ (Brasil)
_98044
245 1 _aUrbanizacao e custos numa economia em desenvolvimento: o caso de Minas Gerais [Brasil]
246 1 _a[Urbanization and costs in a developing economy: the case of Minas Gerais [Brazil]]
260 3 _aRio de Janeiro, RJ (Brasil):
_c1983.
300 _a114 p.
490 _aSerie Fac-Simile - Programa Nacional de Pesquisa Economica (Brazil)
_vno. 7
_x
500 _a22 tables
650 _aURBANIZACAO
650 _aCUSTO
650 _aMINAS GERAIS
909 _a202312
_bLúcia Elande
_c55
_dLúcia Elande
942 _2AGRIS
_n0
_cMS
999 _c277260
_d277260